[Event "NRW Class1 1415"]
[Site "Germany"]
[Date "2015.01.11"]
[Round "5.8"]
[White "Podder, Michael"]
[Black "Guenther, Dominik"]
[Result "1-0"]
[WhiteElo "1891"]
[BlackElo "1722"]
[PlyCount "127"]
[EventDate "2014.09.14"]
[EventType "team-tourn"]
[EventRounds "9"]
[EventCountry "GER"]
[SourceTitle "EXT 2017"]
[Source "ChessBase"]
[SourceDate "2016.10.25"]
[SourceVersion "1"]
[SourceVersionDate "2016.10.25"]
[SourceQuality "1"]
[WhiteTeam "Elberfeld"]
[BlackTeam "Lippstadt Turm"]
[WhiteTeamCountry "GER"]
[BlackTeamCountry "GER"]

1. e4 c5 2. Nf3 d6 3. d4 cxd4 4. Nxd4 Nf6 5. Nc3 a6 6. Be2 e5 7. Nb3 Be7 8. Be3 0-0 9. 0-0 Be6 10. Bf3 Nbd7 11. Re1 Rc8 12. Bg5 b5 13. Ne2 Qc7 14. c3 Rfd8 15. Ng3 Nc5 16. Nd2 Nd3 17. Re3 Nxb2 18. Qb1 Nc4 19. Nxc4 Bxc4 20. Nf5 Nd5 21. Nxe7+ Nxe7 22. Bg4 Be6 23. Bxe6 fxe6 24. Qb3 Qd7 25. a4 d5 26. exd5 Nxd5 27. Rd3 e4 28. Rdd1 Rxc3 29. Qb1 Rdc8 30. axb5 axb5 31. Qxe4 b4 32. Qxb4 h6 33. Be3 Qc6 34. Qg4 Rxe3 35. Ra7 Qc3 36. fxe3 Qxe3+ 37. Kh1 Qxa7 38. Qxe6+ Kh7 39. Qf5+ g6 40. Qxc8 Ne7 41. Qd7 Qe3 42. h3 h5 43. Qc7 Kh6 44. Qb8 Nf5 45. Kh2 h4 46. Rf1 Kg5 47. Qd8+ Kh5 48. Qd1+ Kh6 49. Qc1 Qxc1 50. Rxc1 Kg5 51. Rc4 Ne3 52. Ra4 Nf5 53. Kg1 Kh5 54. Kf2 Kg5 55. Kf3 Nh6 56. Re4 Nf5 57. Rg4+ Kf6 58. Kf4 Nh6 59. Rg5 Nf7 60. Ra5 Kg7 61. Kg4 Nh6+ 62. Kxh4 Nf5+ 63. Rxf5 gxf5 64. Kh5 1-0

[Event "Lippe Cup 06th"]
[Site "Lieme"]
[Date "2009.10.18"]
[Round "4"]
[White "Guenther, Dominik"]
[Black "Hilverda, Jan"]
[Result "1-0"]
[WhiteElo "1486"]
[BlackElo "1126"]
[PlyCount "93"]
[EventDate "2009.10.16"]
[EventType "swiss"]
[EventRounds "5"]
[EventCountry "GER"]
[SourceTitle "EXT 2013"]
[Source "ChessBase"]
[SourceDate "2012.11.22"]
[SourceVersion "1"]
[SourceVersionDate "2012.11.22"]
[SourceQuality "1"]

1. e4 c5 2. Nf3 Nc6 3. d4 cxd4 4. Nxd4 Nf6 5. Nc3 e5 6. Nf3 a6 7. Be2 Be7 8. 0-0 d6 9. Bg5 Nd7 10. Qd2 Bxg5 11. Nxg5 h6 12. Nf3 Nf6 13. Rad1 0-0 14. Qxd6 Qxd6 15. Rxd6 Rd8 16. Rxd8+ Nxd8 17. Nxe5 Be6 18. Bc4 Ng4 19. Bxe6 Nxe5 20. Bd5 Rc8 21. Rd1 Nec6 22. a3 Ne6 23. g3 b5 24. Bxe6 fxe6 25. Rd6 Kf7 26. f4 Ke7 27. e5 Nb8 28. Rb6 Rd8 29. Rb7+ Kf8 30. Ne4 a5 31. Rxb5 Nc6 32. Nd6 a4 33. Rc5 Nd4 34. Rc4 Nf5 35. Nxf5 exf5 36. h3 Rd1+ 37. Kf2 Rd2+ 38. Kf3 Ke7 39. g4 Rh2 40. Kg3 Rd2 41. gxf5 Rd1 42. Rxa4 Rg1+ 43. Kf2 Rh1 44. Kg2 Rc1 45. Ra7+ Kf8 46. Rc7 Rd1 47. e6 1-0